Normal view
MARC view
- Fontenla Pedreira, Julia
Entry Nombre Personal
001 - NUMERO DE CONTROL
- campo de control: 59215
003 - IDENTIFICADOR DE NUMERO DE CONTROL
- campo de control: DLC
005 - FECHA Y HORA DE LA ÜLTIMA TRANSACCIÓN
- campo de control: 20260406152825.0
008 - DATOS DE LONGITUD FIJA
- campo de control de longitud fija: 210526nn acnnnaabn a aaa c
010 ## - NÚMERO DE CONTROL DE LA BIBLIOTECA DEL CONGRESO
- Número de control LC: no2021063114
035 ## - NUMERO DE CONTROL
- Número de control: (OCoLC)oca13731213
040 ## - FUENTE DE CATALOGACIÓN
- Agencia original de catalogación: SP-BaPL
- Lenguaje de catalogación: spa
- Description conventions: rda
- Agencia de transcripción: SP-BaPL
- Agencia que lo modifica: MX-MxUPN
100 1# - ENCABEZAMIENTO - NOMBRE PERSONAL
- Nombre personal: Fontenla Pedreira, Julia
373 ## - GRUPO ASOCIADO
- Associated group: Universidad de Santiago de Compostela
- Associated group: Universidadede Vigo
- Fuente del término: naf
374 ## - OCUPACIÓN
- Occupation: Periodistas
- Fuente del término: bgtq
377 ## - LENGUA ASOCIADA
- Language code: spa
400 1# - VEÁSE - NOMBRE DE PERSONA
- Personal name: Pedreira, Julia Fontenla
670 ## - FUENTE EN LA QUE SE LOCALIZARON DATOS
- Cita de la fuente: Debates electorales en televisión y redes sociales en España, 2021:
- Información localizada: portada (Julia Fontenla-Pedreira) solapa frontal (Julia Fontenla Pedreira ; degree in Journalism by Universidad de Santiago de Compostela ; master degree in Language and Communication in Business by Universidad de Vigo)
670 ## - FUENTE EN LA QUE SE LOCALIZARON DATOS
- Cita de la fuente: Contra la desinformación, [2023] :
- Información localizada: cubierta (Julia Fontenla Pedreira)
- Uniform Resource Identifier: http://hdl.handle.net/11093/6799
902 ## - CATALOGADOR
- Catalogador: VíctorGodínez/060426
